00820 am a2200217ua 4500001000500000005001700005020003200022040001600054082001200070100001800082245007900100260003300179300004000212490002100252505000600273520022600279521001900505521001800524650003800542700002200580190820240927112122.0 a0439981069 (pbk.) :c£3.99 aStDuBDSdUk04a6122211 aArnold, Nick.14aThe body owner's handbook /cNick Arnold ; illustrated by Tony de Saulles. aLondon :bScholastic,c2002. a160 pages :billustrations ;c20 cm1 aHorrible science aZ aIn this guide you'll discover a range of body bits and fantastic features you didn't even know you had, including an auto-repair function, a built-in cooling system, top-of-the-range sensory equipment, and waste disposal. a1000 bLexile aZ bRaz-Plus 0aBody, HumanvJuvenile literature.1 aDe Saulles, Tony.